书目信息 |
| 题名: |
测量误差计算
|
|
| 作者: | 冈积满 著 ;长沙铁道学院工程系测量教研组 译 | |
| 分册: | ||
| 出版信息: | 北京 人民铁道出版社 1975 |
|
| 页数: | 309页 | |
| 开本: | 19cm | |
| 丛书名: | ||
| 单 册: | ||
| 中图分类: | P207 | |
| 科图分类: | ||
| 主题词: | 测量误差--计算 | |
| 电子资源: | ||
| ISBN: | ||
| 000 | 00774nam0 2200241 45 | |
| 001 | 0175002917 | |
| 005 | 20060509104335.54 | |
| 010 | @dCNY0.80 | |
| 100 | @a19951019d1975 em y0chiy0121 ea | |
| 101 | 1 | @achi@cjpn |
| 102 | @aCN@b110000 | |
| 105 | @ay o 000yy | |
| 200 | 10 | @a测量误差计算@Ace liang wu cha ji suan@f(日)冈积满著@F(ri)gang ji man zhu@g长沙铁道学院工程系测量教研组译 |
| 210 | @a北京@c人民铁道出版社@d1975 | |
| 215 | @a309页@d19cm | |
| 300 | @a附有习题和答案及计算公式总表等 | |
| 606 | @a测量误差@x计算 | |
| 690 | @aP207@v3 | |
| 701 | 0 | @a冈积满@Agang ji man@4著 |
| 712 | 02 | @a长沙铁道学院工程系测量教研组@Achang sha tie dao xue yuan gong cheng xi ce liang jiao yan zu@4译 |
| 801 | 2 | @aCN@bNLC@c20060509 |
| 801 | 0 | @aCN@bTSSF |
| 905 | @a10447@dP207@e2 | |
| 测量误差计算/(日)冈积满著/长沙铁道学院工程系测量教研组译.-北京:人民铁道出版社,1975 |
| 309页;19cm |
| 附有习题和答案及计算公式总表等 |
| ISBN :CNY0.80 |
| ● |
| 相关链接 |
|
|
|
|
正题名:测量误差计算
索取号:P207/2
 
预约/预借
| 序号 | 登录号 | 条形码 | 馆藏地/架位号 | 状态 | 备注 |
| 1 | 0008308 | 202333509 | 密集书库/ [索取号:P207/2] | 在馆 |